Interactions among grasshoppers (Orthoptera: Acrididae) in intermountain grassland of western North America (Registro nro. 12568)
[ vista simple ]
| 000 -CABECERA | |
|---|---|
| Campo de control | 007170000a22002170004500 |
| 090 ## - CLASIFICACIÓN LOCAL | |
| Colección | AR |
| Consecutivo | 03518 |
| 041 0# - IDIOMA | |
| Código de idioma para texto/pista de sonido o título separado | |
| 100 1# - ASIENTO PRINCIPAL--NOMBRE PERSONAL | |
| Nombre personal | Evans , Edward W. |
| 245 10 - MENCION DE TITULO | |
| Título | Interactions among grasshoppers (Orthoptera: Acrididae) in intermountain grassland of western North America |
| 650 14 - ASIENTO SECUNDARIO DE MATERIA - TERMINO TEMATICO | |
| Término temático o nombre geográfico como elemento de entrada | Entomología |
| 650 14 - ASIENTO SECUNDARIO DE MATERIA - TERMINO TEMATICO | |
| Término temático o nombre geográfico como elemento de entrada | Langostas |
| 650 14 - ASIENTO SECUNDARIO DE MATERIA - TERMINO TEMATICO | |
| Término temático o nombre geográfico como elemento de entrada | Dinámica poblacional |
| 650 14 - ASIENTO SECUNDARIO DE MATERIA - TERMINO TEMATICO | |
| Término temático o nombre geográfico como elemento de entrada | Densidad |
| 650 14 - ASIENTO SECUNDARIO DE MATERIA - TERMINO TEMATICO | |
| Término temático o nombre geográfico como elemento de entrada | Hábitat |
| 651 #4 - ASIENTO SECUNDARIO DE MATERIA - NOMBRE GEOGRAFICO | |
| -- | Valle Cache |
| -- | Utah |
| -- | Estados Unidos |
| 653 ## - TERMINO DE INDIZACION - NO CONTROLADO | |
| -- | Oedaleonotus |
| -- | Oedaloenotus enigma |
| 653 ## - TERMINO DE INDIZACION - NO CONTROLADO | |
| -- | Melanoplus |
| -- | Melanoplus sanguinipes |
| 653 ## - TERMINO DE INDIZACION - NO CONTROLADO | |
| -- | Melanopus |
| -- | Melanopus packardii |
| 773 1# - Item fuente: | |
| Título | Oikos |
| Descripción física | 1 |
| Paginas del Articulo | 73-78 |
| Lugar, editorial y fecha de publicación | 1995 |
| Información sobre la relación | 73 |
| 942 ## - ELEMENTOS ADICIONALES (KOHA) | |
| Tipo de ítem | Artículo |
| Withdrawn status | Lost status | Damaged status | No para préstamo | Colección | Ubicación Permanente | Ubicación actual | Fecha de adquisición | Datos de publicación Seriada | Total Checkouts | Número topográfico | Inventario / Código de Barras | Date last seen | Price effective from | Forma de adquisición | Tipo de material |
|---|---|---|---|---|---|---|---|---|---|---|---|---|---|---|---|
| No para Préstamo | Hemeroteca | Bogotá | Bogotá | 27/02/2015 | Fuera de circulación | AR 03518 | 014429 | 25/03/2015 | 25/03/2015 | Artículo |